00306nam a2200121Ia 45000010005000000080041000050820026000461000018000722450015000902600051001059010011001569990017001671805241024s9999 xx 000 0 und d a[*SIN CLASIFICACION*] a[*SIN AUTOR*] 0aInfo CESAC bSeguridad Aeroportuaria y de la Aviacion Civil a9/9/16 c12150d12150